000 01901nam a22002537a 4500
003 Uzh_bibl
008 260430b |||||||| |||| 00| 0 ukr d
020 _a966-8274-12-1
_c6.50
040 _bукр.
041 _2ukr
_aukr
080 _a94(477)
090 _a94(477)
_bД 76
100 _a
245 _aДруга світова війна і доля народів України
_hТекст
260 _aКиїв
_bЗовнішторгвидав
_c2007
300 _a416 с.
520 _aУ збірці вміщено доповіді учасників Всеукраїнської наукової конференції, які висвітлюють місце національної проблематики в ідеології і пропаганді воюючих сторін, проблеми міжнаціональних відносин, історію національно-політичних і національно-визвольних рухів, різні сторони національного життя народів України під час війни. Досліджено також національну політику Радянського Союзу, нацистської Німеччини і держав Східної Європи на українських землях протягом 1930–1950-х років. Окреме місце приділено сучасним рефлексіям подій тих років.
521 _aДля широкого кола читачів
546 _aукр.
650 _aНауково-популярне видання
_vІсторія України
653 _aМіжнаціональні відносини
_aНароди України
655 _vМатеріали Всеукраїнської наукової конференції
942 _2udc
_cBK
999 _c17580
_d17580